| 000 | 00460nam a22001577a 4500 | ||
|---|---|---|---|
| 999 |
_c3055 _d3055 |
||
| 005 | 20181023164157.0 | ||
| 008 | 181023b ||||| |||| 00| 0 eng d | ||
| 040 | _cDLC | ||
| 082 |
_a268 _bH945M |
||
| 100 | _aHunter, Wayne and Emily | ||
| 245 |
_aMan in Demand: Student's Training Manual / _cBy Wayne and Emily Hunter |
||
| 260 |
_aWashington : _bManna Publications, _cc1975. |
||
| 300 | _a80 p.; | ||
| 650 |
_aYouth - Health _xChristian life |
||
| 942 |
_2ddc _cBK |
||